The Medieval monastery /

محفوظ في:

المؤلف الرئيسي: Reeves, Marjorie.

التنسيق: كتاب

اللغة: English

منشور في: London : Longman, 1959.

الطبعة: 2nd ed.

سلاسل: Then and there series.

الموضوعات:

الوسوم: إضافة وسم

لا توجد وسوم, كن أول من يضع وسما على هذه التسجيلة!

رقم الطلب: DA660 .R42 1959

LEADER 00639nam a2200217Ia 4500
003 OSt
005 20251210101700.0
008 830414s1959 enk 000 eng o
040 |c ARCE Library 
050 4 |a DA660 .R42 1959 
100 1 |a Reeves, Marjorie. 
245 1 4 |a The Medieval monastery /   |c Marjorie Reeves ; illustrated from contemporary sources by H. C. McBeath. 
250 |a 2nd ed. 
264 1 |a London :  |b Longman,   |c 1959. 
300 |a 90 p. ;   |c 20 cm. 
490 0 |a Then and there series.  
610 2 0 |a Benedictines   |z England. 
650 0 |a Monastic and religious life. 
901 |a reviewed 
942 |2 lcc  |c BK 
999 |c 57752  |d 57752